| 000 | 00778pam a2200253 a 4500 | ||
|---|---|---|---|
| 001 | 480243 | ||
| 003 | NUST - PNEC | ||
| 005 | 20170116181048.0 | ||
| 008 | 840917s1985 nyua b 001 0 eng | ||
| 010 | _a 84021808 | ||
| 020 | _a0070154139 : | ||
| 040 |
_aDLC _cLIBRARY _dDLC |
||
| 050 | 0 | 0 |
_aTP363 _b.D38 1985 |
| 082 | 0 | 0 | _a660.2969 DAU |
| 100 | 1 |
_aDaubert, T. E. _q(Thomas E.), _d1937- |
|
| 245 | 1 | 0 |
_aChemical engineering thermodynamics / _cThomas E. Daubert. |
| 260 |
_aNew York : _bMcGraw-Hill, _cc1985. |
||
| 300 |
_axx, 469 p. : _bill. ; _c24 cm. |
||
| 440 | 0 | _aMcGraw-Hill chemical engineering series | |
| 504 | _aIncludes bibliographies and indexes. | ||
| 650 | 0 |
_aThermodynamics. _xME |
|
| 906 |
_a7 _bcbc _corignew _d1 _eocip _f19 _gy-gencatlg |
||
| 942 |
_2ddc _cBK |
||
| 999 |
_c68286 _d68286 |
||